000 00817nam a2200277Ia 4500
005 20260324130659.0
008 008 260324s9999 xx 000 0 eng d
020 _a9781315221304
037 _aEBOOK
040 _aCRL
040 _beng
040 _cCRL
041 _2eng
041 _aeng
084 _qCRL
100 _aSteven J. Davis; William E. McDermott; Michael C. Heaven; Nikola Vasilev Sabotinov; Alan E. Hill; Victor Malkov; Anatoly Boreysho; Masamori Endo; Robert F. Walter; Brian J. Thompson; Krzysztof M. Abramski; Andrew Savin
_91182689
245 0 _aGas Lasers
260 _bTaylor and Francis
260 _c2007
365 _a
365 _b465
856 _uhttp://www.taylorfrancis.com/books/9781315221304
942 _cEBOOK
999 _c1779070
_d1779070